Thrid letter to all fighters of freedom (Record no. 480713)

000 -LEADER
fixed length control field 00399cam a22001337a 4500
008 - FIXED-LENGTH DATA ELEMENTS--GENERAL INFORMATION
fixed length control field 180718b xxu||||| |||| 00| 0 eng d
082 ## - DEWEY DECIMAL CLASSIFICATION NUMBER
Classification number F51x5405 N164t
100 ## - MAIN ENTRY--PERSONAL NAME
Personal name Narayan, Jayaprakash
245 ## - TITLE STATEMENT
Title Thrid letter to all fighters of freedom
Statement of responsibility, etc. by Jayaprakash Narayan
260 ## - PUBLICATION, DISTRIBUTION, ETC.
Place of publication, distribution, etc. Lucknow
Name of publisher, distributor, etc. Congress Socialist Party
Date of publication, distribution, etc.
300 ## - PHYSICAL DESCRIPTION
Extent 16p.
500 ## - GENERAL NOTE
General note Rs.0.12
650 ## - SUBJECT ADDED ENTRY--TOPICAL TERM
Topical term or geographic name entry element Congress Socialist Party (India)
Holdings
Withdrawn status Lost status Damaged status Not for loan Permanent Location Current Location Date acquired Full call number Barcode Date last seen Price effective from Koha item type
        Indian Institute of Public Administration Indian Institute of Public Administration 2018-08-04 F51x5405 N164t GR2579 2018-08-04 2018-08-04 GR

Powered by Koha